|
|
|
|
| LEADER |
01433nam a2200385 a 4500 |
| 001 |
EBC438987 |
| 003 |
MiAaPQ |
| 005 |
20200520144314.0 |
| 006 |
m o d | |
| 007 |
cr cn||||||||| |
| 008 |
060720s2007 enka sb 001 0 eng |
| 010 |
|
|
|z 2006023910
|
| 020 |
|
|
|z 0566087758 (pbk. : alk. paper)
|
| 020 |
|
|
|z 9780566087752 (pbk. : alk. paper)
|
| 035 |
|
|
|a (MiAaPQ)EBC438987
|
| 035 |
|
|
|a (Au-PeEL)EBL438987
|
| 035 |
|
|
|a (CaPaEBR)ebr10209204
|
| 035 |
|
|
|a (CaONFJC)MIL120798
|
| 035 |
|
|
|a (OCoLC)808807433
|
| 040 |
|
|
|a MiAaPQ
|c MiAaPQ
|d MiAaPQ
|
| 050 |
|
4 |
|a HD69.P75
|b K662 2007
|
| 082 |
0 |
4 |
|a 658.4/04
|2 22
|
| 100 |
1 |
|
|a Kor, Rudy.
|
| 245 |
1 |
0 |
|a 59 checklists for project and programme managers
|h [electronic resource] /
|c Rudy Kor and Gert Wijnen.
|
| 246 |
3 |
|
|a Fifty-nine checklists for project and programme managers
|
| 250 |
|
|
|a 2nd ed.
|
| 260 |
|
|
|a Aldershot, England ;
|a Burlington, VT :
|b Gower,
|c c2007.
|
| 300 |
|
|
|a xiii, 201 p. :
|b ill.
|
| 504 |
|
|
|a Includes bibliographical references (p. 197-198) and index.
|
| 533 |
|
|
|a Electronic reproduction. Ann Arbor, MI : ProQuest, 2015. Available via World Wide Web. Access may be limited to ProQuest affiliated libraries.
|
| 650 |
|
0 |
|a Project management.
|
| 655 |
|
4 |
|a Electronic books.
|
| 700 |
1 |
|
|a Wijnen, Gert.
|
| 710 |
2 |
|
|a ProQuest (Firm)
|
| 856 |
4 |
0 |
|u https://ebookcentral.proquest.com/lib/matrademy/detail.action?docID=438987
|z Click to View
|